000 00767nam a2200265Ia 4500
001 Para_6920
003 CHAP
008 220125s1999 xx 000 0 und d
010 _a204236
040 _cCHAP
090 _aPA FOLLETO 825
245 _aInfluence of monensi on feed efficiency and puberty of beef heifers /
_c by J.G. Berardinelli [et. al.]
260 _aMorgantown, W.Va. :
_b West Virginia University
300 _a9 p.
440 _aBulletin; 684
_9170206
650 _aCarne de res
_x producción
_919222
700 _aBerardinelli, J. G.
_9170207
901 _aPA FOLLETO 825
902 _aA
905 _a00000019-- 0000000000 00
910 _a19--
942 _cPARA
942 _cPARA
_d1
999 _c204236
_d204236